00496 2200181 4500001002100000005001500021035002000036245006400056100002100120250000600141300003400147260004400181082001000225084001600235020001800251650002800269990001700297INLIS00000000000118620190516030732 a0010-05190000771 aMenghindari Pencemaran Sumber Daya Alam /cDra. Monique, AS0 aDra. Monique, AS a- ax, 45 hlm. :bilus. ;c21 cm. aJakarta :bPT Musi Perkasa Utama,c2005 a363.7 a363.7 MON m a979-651-437-0 aPermasalahan Lingkungan a04287/H/2018